Normal view MARC view

Entry Personal Name

Number of records used in: 1

001 - CONTROL NUMBER

  • control field: 60359

003 - CONTROL NUMBER IDENTIFIER

  • control field: OSt

005 - DATE AND TIME OF LATEST TRANSACTION

  • control field: 20260430123148.0

008 - FIXED-LENGTH DATA ELEMENTS

  • fixed length control field: 260430|| aca||aabn | a|a d

040 ## - CATALOGING SOURCE

  • Original cataloging agency: OSt
  • Transcribing agency: OSt

100 ## - HEADING--PERSONAL NAME

  • Personal name: Ghosh, Sangeeta

670 ## - SOURCE DATA FOUND

  • Source citation: Work cat.: (OSt)533239: Ghosh, Sangeeta, Lessons from the Trump tariff shock: Implications for INDIA’S textiles and apparel sector

Powered by Koha